Masalah pekerjaan : scientology diterapkan pada dunia kerja sehari-hari /

Bibliographic Details
Main Author: Hubbard, L. Ron
Format: Book
Published: Los Angeles, Calif: Bridge Publications, Inc, 2009.
Subjects:
LEADER 00767cam a2200241 7i4500
001 0000012272
005 20151104090000.0
005 ##20151104113300.0
003 ##MY-KlINT
020 # # |a 9781403154682  
039 # 9 |y 201511041133  |z VLOAD 
090 0 0 |a 299.936   |b HUB 
100 1 # |a Hubbard, L. Ron 
245 1 4 |a Masalah pekerjaan :   |b scientology diterapkan pada dunia kerja sehari-hari /   |c L. Ron Hubbard. 
260 # # |a Los Angeles, Calif:   |b Bridge Publications, Inc,   |c 2009. 
300 # # |a v, 181p:   |b ill;   |c 24cm. 
500 # # |a Also available in english 
500 # # |a A Hubbard publication 
500 # # |a Includes index 
650 # 0 |a Job satisfaction  
650 # 0 |a Scientology  
650 # 0 |a Work --   |x Psychological aspects  
999 |a 0000065713  |b BOOK  |c Main Non-Fiction  |e INTAN BK